000 00242nam a2200097Ia 4500
008 230508s1994 xx 000 0 und d
041 _aeng
100 _aSHARMA D.K.
245 _aBASIC ELECTRICAL ENGG. & ELECT.
260 _bC.B.S. PUBLI.
_c1994
999 _c323602
_d323602